25 лет первому советскому программируемому контроллеру; Промышленные АСУ и контроллеры; № 1

Detalhes bibliográficos
Parent link:Промышленные АСУ и контроллеры: ежемесячный научно-технический производственный журнал.— , 2002-
№ 1.— 2004.— С. 49-50
Idioma:russo
Publicado em: 2004
Colecção:Технические средства АСУТП
Assuntos:
Formato: Capítulo de Livro
KOHA link:https://koha.lib.tpu.ru/cgi-bin/koha/opac-detail.pl?biblionumber=390560

MARC

LEADER 00000naa2a2200000 4500
001 390560
005 20231101064002.0
035 |a (RuTPU)RU\TPU\prd\23707 
090 |a 390560 
100 |a 20040310a2004 k y0rusy50 ca 
101 0 |a rus 
102 |a RU 
200 1 |a 25 лет первому советскому программируемому контроллеру 
225 1 |a Технические средства АСУТП 
461 1 |0 (RuTPU)RU\TPU\prd\2287  |t Промышленные АСУ и контроллеры  |o ежемесячный научно-технический производственный журнал  |d 2002- 
463 1 |0 (RuTPU)RU\TPU\prd\22735  |t № 1  |v С. 49-50  |d 2004 
610 1 |a контроллеры 
610 1 |a программируемые контроллеры 
610 1 |a первый контроллер 
801 1 |a RU  |b 63413507  |c 20040310  |g PSBO 
801 2 |a RU  |b 63413507  |c 20040310  |g PSBO 
942 |c BK